Загрузка...
Enid Blyton award Series (The Secret Door)
| Главный автор: | |
|---|---|
| Формат: | Printed Book |
| Опубликовано: |
And Oth Award Publ
|
| LEADER | 00312 a2200097 4500 | ||
|---|---|---|---|
| 100 | |a Endid Blyton | ||
| 245 | |a Enid Blyton award Series (The Secret Door) | ||
| 260 | |b And Oth Award Publ | ||
| 942 | |c BK |6 _ | ||
| 999 | |c 69175 |d 69175 | ||
| 952 | |0 0 |1 0 |4 0 |6 _ |7 0 |9 81276 |a UL |b UL |d 2014-12-04 |e 161 |g 0.00 |p 00072210 |r 2015-01-31 |v 0.00 |w 2014-12-04 |y BK | ||